Callaita-Bad Bunny - Estadísticas

Estadísticas generales
  • Esta prueba ha sido intentada 290 veces
  • La puntuación promedio es 328 de 408
Estadísticas de respuestas
Letra % Correcto
es
99%
a
98%
el
98%
El
98%
la
98%
La
98%
callaíta
97%
Se
97%
97%
se
97%
ella
96%
Ella
96%
pa
96%
Pa
96%
Pero
96%
pero
96%
y
95%
sexo
94%
atrevida
92%
bebida
91%
Marihuana
89%
no
89%
No
89%
que
89%
Que
89%
vida
87%
yo
87%
si
86%
Si
86%
de
82%
me
82%
hay
81%
lo
81%
como
78%
con
77%
así
76%
en
76%
En
76%
era
76%
Gozándose
76%
playa
74%
amiga
73%
contigo
73%
sol
73%
alcohol
72%
estudiar
72%
mañana
72%
mejor
72%
prende
72%
le
71%
ve
71%
las
70%
Los
70%
los
70%
quién
70%
temprano
70%
Tiene
70%
tiene
70%
un
69%
Ahora
68%
del
68%
vende
68%
daño
67%
dañó
67%
acostó
66%
janguear
66%
su
66%
hace
65%
más
65%
eh
64%
20
63%
calor
63%
diferente
63%
enrola
63%
ni
63%
repente
62%
siente
62%
llamó
61%
Quítate
61%
ropa
61%
tequila
61%
miente
60%
perreo
60%
amor
59%
baby
59%
mala
59%
panita
59%
presión
59%
profesión
59%
Siempre
59%
culito
58%
diciendo
58%
ey
58%
Ey
58%
llama
58%
Yeah
58%
yeah
58%
misión
57%
atención
56%
Días
56%
noches
56%
puesta
56%
acabo
55%
terror
55%
gustan
54%
paz
54%
shots
54%
envidiosas
53%
Buena
52%
delincuentes
52%
nueva
52%
Bad
51%
Bunny
51%
atreva
50%
beba
50%
llega
50%
Nena
50%
una
50%
trata
49%
ahí
48%
bajita
48%
dejó
48%
dejo
48%
jeva
48%
frontear
46%
Anda
44%
bebe
42%
Tainy
42%
temor
42%
gaveta
41%
512
40%
poco
37%
trajo
37%
textear
30%
No se encontraron pruebas coincidentes
Distribución de puntuación
Porcentaje de gente con cada puntuación
Porcentaje por número respondido
Historial de tus puntuaciones
No has intentado esta prueba.